[Event "37th Olympiad w"]
[Site "Turin ITA"]
[Date "2006.06.03"]
[Round "12"]
[White "Chelushkina,I"]
[Black "Zepeda,L"]
[Result "1-0"]
[WhiteElo "2320"]
[BlackElo "2122"]

1.g3 d5 2.Nf3 Nf6 3.Bg2 e6 4.O-O Be7 5.d3 b6 6.c4 Bb7 7.cxd5 exd5 8.Nd4 Qd7
9.Nc3 c5 10.Nf3 Nc6 11.d4 O-O 12.Bf4 cxd4 13.Nb5 d3 14.exd3 Rac8 15.Ng5 Nb4
16.Nd4 Rce8 17.Bh3 Qd8 18.Rc1 Bd6 19.Bxd6 Qxd6 20.Nf5 Qd8 21.Qd2 a5 22.a3 Nc6
23.Bg2 Qd7 24.Qf4 h6 25.Bh3 Qd8 26.Nf3 Re2 27.Rxc6 Bxc6 28.N3d4 Qe8 29.Nxg7 Qe5
30.Qxe5 Rxe5 31.Nxc6 Re2 32.Nf5 Rxb2 33.a4 Kh7 34.Re1 Re8 35.Nfe7 b5 36.axb5 Rxb5
37.Ra1 Ra8 38.Ra4 Rc5 39.Kg2 Kg7 40.Nf5+ Kh7 41.Nfd4 h5 42.Bf5+ Kg7 43.h3 Kf8
44.g4 hxg4 45.hxg4 Ke8 46.Ne5 Ke7 47.g5 Ne8 48.Ndc6+ Kd6 49.Bd7 f6 50.d4 Rc1
51.Bxe8 fxe5 52.dxe5+ Kc7 53.Bf7 Kxc6 54.g6 Kd7 55.Bxd5 Ra6 56.Rg4 a4 57.g7  1-0

[Event "37th Olympiad w"]
[Site "Turin ITA"]
[Date "2006.06.03"]
[Round "12"]
[White "Rogule,L"]
[Black "Botsari,A"]
[Result "0-1"]
[WhiteElo "2309"]
[BlackElo "2341"]

1.Nf3 d5 2.g3 c5 3.Bg2 Nc6 4.d4 e6 5.O-O cxd4 6.Nxd4 Nge7 7.c4 Nxd4 8.Qxd4 Nc6
9.Qc3 d4 10.Qc2 Be7 11.Rd1 O-O 12.e3 Qb6 13.a3 a5 14.b3 Bc5 15.Bb2 dxe3 16.b4 exf2+
17.Kh1 axb4 18.axb4 Rxa1 19.bxc5 Qa5 20.Bxa1 Qxa1 21.Qxf2 Rd8 22.Rf1 Ne5
23.h3 f6 24.g4 Qd4 25.Na3 Qxf2 26.Rxf2 Rd1+ 27.Kh2 Nd3 28.Ra2 Nxc5 29.Nb5 Bd7
30.Ra8+ Kf7 31.Ra5 Rd2 32.Kg3 Ke7 33.Nc7 Kd6 34.Nb5+ Bxb5 35.Rxb5 Rd3+ 36.Kf2 Rb3
37.Rxb3 Nxb3 38.Bxb7 Na5 39.Ba6 Kc5 40.Bc8 e5 41.Bf5 g6 42.Be6 Nxc4 43.Bg8 h6
44.Bf7 g5 45.Kf3 Kd4 46.Bg6 e4+ 47.Ke2 Ne5 48.Bf5 Nd3 49.Kf1 Nf4  0-1

[Event "IHEM"]
[Site "Hamburg GER"]
[Date "2006.06.04"]
[Round "2"]
[White "Van Delft,M"]
[Black "Bach,Mat"]
[Result "1/2-1/2"]
[WhiteElo "2372"]
[BlackElo "2315"]

1.Nf3 d5 2.g3 c5 3.Bg2 Nc6 4.O-O Nf6 5.c4 e6 6.cxd5 exd5 7.d4 Be7 8.Nc3 O-O
9.Bg5 c4 10.Ne5 Be6 11.e3 h6 12.Bxf6 Bxf6 13.Nxc6 bxc6 14.Na4 Bf5 15.b3 Bd3
16.Re1 Be7 17.Nb2 Bg6 18.bxc4 Bb4 19.Rf1 Bc3 20.Qb3 Qa5 21.cxd5 cxd5 22.Rac1 Rac8
23.Na4 Bd2 24.Rxc8 Rxc8 25.Nc5 Bb4 26.Bxd5 Bxc5 27.Rc1 Rc7 28.Rxc5 Rxc5 29.dxc5 Qxc5
30.Kg2 Qc1 31.Qb8+ Kh7 32.Qe5 Qb1 33.e4 Qd1 34.h3 Qe2 35.Qf4 Qd3 36.Qf3 Qd4
37.g4 Qe5 38.Qe3 f5 39.gxf5 Bxf5 40.f4 Qb2+ 41.Kg3 Bg6 42.e5 Qb4 43.a3 Qe7
44.Be4 Qe6 45.Qd3 Bxe4 46.Qxe4+ Kg8 47.Qa8+ Kh7 48.Qe4+ Kh8 49.f5 Qb6 50.e6 Qg1+
51.Kf3  1/2-1/2

[Event "ch-StP"]
[Site "St Petersburg RUS"]
[Date "2006.06.04"]
[Round "2"]
[White "Ionov,S"]
[Black "Vitiugov,N"]
[Result "1-0"]
[WhiteElo "2519"]
[BlackElo "2550"]

1.Nf3 d5 2.g3 Nf6 3.Bg2 c5 4.O-O e6 5.c4 d4 6.e3 Nc6 7.exd4 cxd4 8.d3 Be7
9.Na3 O-O 10.Nc2 a5 11.Re1 Re8 12.b3 Nd7 13.Rb1 e5 14.a3 f6 15.b4 axb4 16.axb4 Nb6
17.b5 Nb8 18.Nb4 N8d7 19.Nd2 Nc5 20.Ne4 Nca4 21.g4 f5 22.gxf5 Bxf5 23.Bd2 Qd7
24.Ng3 Bg4 25.Qc2 Bf8 26.Nd5 Nxd5 27.Bxd5+ Kh8 28.Ra1 Nb6 29.Rxa8 Rxa8 30.Bg2 h5
31.c5 Rc8 32.Rxe5 Bd6 33.c6 Qf7 34.Re1 bxc6 35.bxc6 h4 36.Ne4 Qg6 37.Ng5 h3
38.Be4 Qf6 39.f3 Bf5 40.f4 Bxe4 41.Rxe4 Qf5 42.Qd1 g6 43.Qf3 Kg7 44.Re6 Rd8
45.Qe4 Nc8 46.Qxf5 gxf5 47.Nxh3 Be7 48.Ng5 Rh8 49.Kg2 Bf6 50.c7 Ne7 51.Rd6 Ra8
52.Bb4 Kg6 53.Rd8  1-0

[Event "ch-StP"]
[Site "St Petersburg RUS"]
[Date "2006.06.04"]
[Round "2"]
[White "Loginov,Va"]
[Black "Ivanov,Al3"]
[Result "1-0"]
[WhiteElo "2510"]
[BlackElo "2375"]

1.Nf3 d5 2.g3 c5 3.Bg2 Nc6 4.d4 e6 5.O-O Qb6 6.e3 Nf6 7.b3 Be7 8.dxc5 Qxc5
9.Bb2 b5 10.Nbd2 O-O 11.Qe2 Bb7 12.Rfc1 Qb6 13.Nd4 a6 14.Rab1 Nb4 15.a3 Na2
16.Rd1 b4 17.axb4 Bxb4 18.Qd3 Rac8 19.c4 Be7 20.cxd5 Nb4 21.Qe2 Nbxd5 22.Nc4 Qa7
23.e4 Nb4 24.e5 Nfd5 25.Nd6 Rcd8 26.N4f5 exf5 27.Bd4 Qb8 28.Nxf5 Bc8 29.e6 Bf6
30.Qg4 g6 31.Bxf6 Nxf6 32.exf7+ Kxf7 33.Qc4+ Be6 34.Nh6+ Kg7 35.Qxe6 Kxh6
36.Qe3+ Kg7 37.Qe7+ Kh6 38.Rxd8 Qxd8 39.Qxb4 Re8 40.Rc1 Re6 41.Qf4+ Kg7 42.Bf1 Rd6
43.Qe5 h5 44.Rc8 Qxc8 45.Qe7+ Kh8 46.Qxd6 Qf5 47.Bd3  1-0

[Event "28th Nezhmetdinov mem"]
[Site "Kazan RUS"]
[Date "2006.06.05"]
[Round "5"]
[White "Amirkhanov,Ro"]
[Black "Sadykova,A"]
[Result "1/2-1/2"]
[WhiteElo "2246"]
[BlackElo "2114"]

1.Nf3 d5 2.g3 c6 3.Bg2 Nf6 4.O-O Bg4 5.d3 e6 6.Nbd2 Bd6 7.e4 dxe4 8.dxe4 Nbd7
9.Nc4 Bc7 10.Nd6+ Bxd6 11.Qxd6 Qe7 12.Qxe7+ Kxe7 13.e5 Nd5 14.Bg5+ f6 15.exf6+ gxf6
16.Bd2 e5 17.Rfe1 Kf7 18.Nh4 Be6 19.c4 Ne7 20.b3 Nf5 21.Nxf5 Bxf5 22.f4 Rae8
23.fxe5 Nxe5 24.Bc3 Kg6 25.Rad1 Rd8 26.Bxe5 Rxd1 27.Rxd1 fxe5 28.Kf2 h5 29.Rd6+ Kf7
30.Bf3 Ke7 31.c5 Bg4 32.Be4 Rf8+ 33.Kg2 Rf6 34.Rxf6 Kxf6 35.b4 a6 36.a3 Be6
37.Kf3 Bg4+ 38.Ke3 Ke6 39.Bg2 Kf6 40.Bf1 Bf5 41.Bd3 Be6 42.Kf3 Bg4+ 43.Kg2 Be6
44.Be4 Kg5  1/2-1/2

[Event "Lasker Mem A"]
[Site "Barlinek POL"]
[Date "2006.06.06"]
[Round "4"]
[White "Urban,K"]
[Black "Tomczak,J"]
[Result "1/2-1/2"]
[WhiteElo "2457"]
[BlackElo "2369"]

1.Nf3 d5 2.g3 Nf6 3.Bg2 c6 4.O-O Bf5 5.c4 e6 6.cxd5 exd5 7.d3 Be7 8.Nd4 Bg6
9.Nc3 O-O 10.e4 dxe4 11.dxe4 Nbd7 12.g4 Nc5 13.Nf5 Bxf5 14.gxf5 Nd3 15.Be3 Qd6
16.Qe2 Nf4 17.Qf3 Nxg2 18.Qxg2 Rfd8 19.Rad1 Qb4 20.f4 Bc5 21.Bxc5 Qxc5+ 22.Kh1 Rxd1
23.Rxd1 Re8 24.Rg1 Nh5 25.Qg5 g6 26.fxg6 Qxg5 27.gxf7+ Kxf7 28.Rxg5 Ng7 29.Rg2 Ne6
30.Rd2 Kf6 31.Ne2 Nc5 32.e5+ Kf5 33.Rd4 Ne6 34.Rd7 Ke4 35.Rxb7 Ke3 36.Ng3 Nxf4
37.Rb3+ Kf2 38.Ne4+ Ke2 39.Ng3+ Kf2  1/2-1/2

[Event "2nd Festival"]
[Site "Lodi ITA"]
[Date "2006.06.06"]
[Round "3"]
[White "Soppe,G"]
[Black "Varga,Zo"]
[Result "1/2-1/2"]
[WhiteElo "2409"]
[BlackElo "2515"]

1.Nf3 d5 2.g3 c5 3.Bg2 Nc6 4.d4 e6 5.O-O Bd7 6.c4 dxc4 7.Na3 cxd4 8.Nxc4 Bc5
9.Bf4 Nge7 10.Nd6+ Bxd6 11.Bxd6 Qb6 12.b4 a5 13.Bc5 Qa6 14.bxa5 Qxa5 15.Bxe7  1/2-1/2

[Event "28th Nezhmetdinov mem"]
[Site "Kazan RUS"]
[Date "2006.06.07"]
[Round "7"]
[White "Ibraev,V"]
[Black "Fakhretdinova,M"]
[Result "0-1"]
[WhiteElo "2329"]
[BlackElo "2147"]

1.Nf3 d5 2.g3 Nf6 3.Bg2 e6 4.O-O Be7 5.d3 O-O 6.Nbd2 c5 7.e4 Nc6 8.Re1 d4
9.e5 Nd5 10.a4 b6 11.Nc4 Bb7 12.h4 Qd7 13.Bg5 a6 14.Qe2 b5 15.Bxe7 Ncxe7
16.axb5 axb5 17.Nd6 Bc6 18.Ng5 Nf5 19.Nxf5 Rxa1 20.Rxa1 exf5 21.e6 fxe6 22.Qxe6+ Qxe6
23.Nxe6 Rc8 24.Ra7 g6 25.c3 dxc3 26.bxc3 Nb6 27.Ra5 Bd7 28.Nf4 Kf8 29.Ra6 Na4
30.Ra7 Ke7 31.c4 b4 32.Rb7 Kd6 33.d4 cxd4 34.Rxb4 Nc5 35.Bd5 Re8 36.Kf1 d3
37.Bf3 Ke5 38.Bd1 Kd4 39.Rb6 Kxc4  0-1

[Event "ch-StP"]
[Site "St Petersburg RUS"]
[Date "2006.06.07"]
[Round "5"]
[White "Loginov,Va"]
[Black "Anisimov,P"]
[Result "0-1"]
[WhiteElo "2510"]
[BlackElo "2500"]

1.Nf3 d5 2.g3 c5 3.Bg2 Nc6 4.d4 e6 5.O-O Nf6 6.c4 dxc4 7.Ne5 Bd7 8.Nxc4 cxd4
9.Bf4 Be7 10.Nd6+ Kf8 11.Nxb7 Qb6 12.Nd6 Qc5 13.Ne4 Nxe4 14.Bxe4 g5 15.Bc1 f5
16.Bg2 Rc8 17.e3 Bf6 18.exd4 Nxd4 19.Be3 Bb5 20.Re1 f4 21.gxf4 gxf4 22.Bxf4 Rg8
23.Bg3 Ne2+ 24.Kh1 Rd8 25.Qb3 Bc6 26.Na3 Qxf2 27.Bxc6 Nxg3+ 28.hxg3 Rxg3
29.Re2 Qf4 30.Qxe6 Rg4 31.Rh2 Rh4 32.Qe2 Be5 33.Rxh4 Qxh4+ 34.Kg1 Bd4+ 35.Kf1 Rd6
36.Bf3 Rg6 37.Qc2 Rg1+ 38.Ke2 Qf2+ 39.Kd3 Qxf3+ 40.Kxd4 Qf4+ 41.Kd5 Rg5+
42.Kc6 Qf6+ 43.Kb7 Rg7+ 44.Kc8 Qe6+ 45.Kb8 Qb6+ 46.Kc8 Qb7+  0-1

[Event "2nd Festival"]
[Site "Lodi ITA"]
[Date "2006.06.08"]
[Round "5"]
[White "Soppe,G"]
[Black "Abdulla,AlR"]
[Result "1/2-1/2"]
[WhiteElo "2409"]
[BlackElo "2484"]

1.Nf3 d5 2.g3 c6 3.Bg2 Bg4 4.O-O Nd7 5.d4 e6 6.Nbd2 Ngf6 7.Re1 Be7 8.e4 dxe4
9.Nxe4 O-O 10.c3 Nxe4 11.Rxe4 Nf6 12.Re1 Qb6 13.Qb3 Rfd8 14.Ne5 Bf5 15.Nc4 Qxb3
16.axb3 Nd5 17.Na5 Rd7 18.b4 Rc8 19.Nc4 b6 20.Ne5 Rdc7 21.Nxc6 Rxc6 22.Bxd5  1/2-1/2

[Event "ch-StP"]
[Site "St Petersburg RUS"]
[Date "2006.06.09"]
[Round "7"]
[White "Loginov,Va"]
[Black "Solozhenkin,E"]
[Result "1-0"]
[WhiteElo "2510"]
[BlackElo "2508"]

1.Nf3 d5 2.g3 c6 3.Bg2 Bg4 4.c4 e6 5.O-O Nd7 6.cxd5 cxd5 7.Qb3 Rb8 8.Nc3 Ne7
9.d4 Bxf3 10.Bxf3 Nc6 11.Rd1 Qb6 12.Bf4 Rc8 13.e4 dxe4 14.Bxe4 Na5 15.Qa4 Rc4
16.Qc2 Bd6 17.Be3 Nf6 18.d5 Bc5 19.Bxc5 Qxc5 20.Bd3 Rb4 21.a3 Rb3 22.dxe6 fxe6
23.Bg6+  1-0

[Event "IHEM"]
[Site "Hamburg GER"]
[Date "2006.06.10"]
[Round "8"]
[White "Van Delft,M"]
[Black "Sternberg,L"]
[Result "1-0"]
[WhiteElo "2372"]
[BlackElo "2072"]

1.Nf3 d5 2.g3 c5 3.Bg2 Nc6 4.O-O e5 5.d3 Nf6 6.Nbd2 Bg4 7.c4 e4 8.cxd5 Qxd5
9.dxe4 Nxe4 10.Nh4 f5 11.Nxf5 Bxf5 12.Nxe4 Qe6 13.Ng5 Qg6 14.Qb3 O-O-O 15.Nf7 Be7
16.Nxh8 Rxh8 17.Bf4 h5 18.Rfd1 h4 19.Rac1 hxg3 20.Bxg3 Be4 21.Bxe4 Qxe4 22.Qc4 Qxc4
23.Rxc4 b6 24.e3 Bf6 25.b3 Rh5 26.f4 Kb7 27.Kf2 b5 28.Re4 a5 29.Re6 Rh8 30.Rd7+ Kc8
31.Rd5 Nb4 32.Rxf6 gxf6 33.Rxc5+ Kb7 34.Rxb5+ Ka6 35.a4 Rc8 36.Rf5 Nd3+ 37.Kf3 Rc6
38.Bh4 Nc1  1-0

[Event "2nd Open"]
[Site "San Marino SMR"]
[Date "2006.06.10"]
[Round "8"]
[White "Markowski,T"]
[Black "Manik,M"]
[Result "1/2-1/2"]
[WhiteElo "2554"]
[BlackElo "2450"]

1.g3 d5 2.Nf3 Nf6 3.Bg2 c6 4.O-O Bg4 5.d3 Nbd7 6.h3 Bh5 7.c4 Bxf3 8.Bxf3 dxc4
9.dxc4 Ne5 10.Nd2 Nxf3+ 11.Nxf3 Qxd1 12.Rxd1 e6 13.Be3 Be7 14.Ne5 O-O 15.Rd3 Rfc8
16.g4 b5 17.Rc1 bxc4 18.Rxc4 c5 19.Nd7 Nd5 20.b3 Rc7 21.Ne5 f6 22.Nf3 Nb4
23.Rd2 g5 24.Ne1 Rac8 25.Nd3 Nd5 26.Rdc2 Kf7 27.Rc1 Nb6 28.R4c2 Nd7 29.Kg2 Bd6
30.Nb2 Bf4 31.Bxf4 gxf4 32.Nc4 Ke7 33.Kf3 e5 34.Ke4 Nf8 35.e3 Ne6 36.exf4 Nxf4
37.Ne3 Rd7 38.h4 Nd3 39.Nd5+ Rxd5 40.Kxd5 Rd8+ 41.Kc6 Nxc1 42.Rxc1 Rd2 43.a4 Rxf2
44.Kxc5 Ke6 45.a5 e4 46.b4  1/2-1/2

[Event "Masters"]
[Site "Las Vegas USA"]
[Date "2006.06.12"]
[Round "6"]
[White "Fontaine,R"]
[Black "Golod,V"]
[Result "1/2-1/2"]
[WhiteElo "2521"]
[BlackElo "2571"]

1.Nf3 d5 2.g3 Nf6 3.Bg2 c6 4.O-O Bf5 5.d3 h6 6.Nbd2 e6 7.Qe1 Be7 8.e4 Bh7
9.Qe2 O-O 10.b3 a5 11.Bb2 a4 12.c4 axb3 13.axb3 Rxa1 14.Rxa1  1/2-1/2

[Event "10th Heraclion Open"]
[Site "Athens GRE"]
[Date "2006.06.13"]
[Round "4"]
[White "Managadze,N"]
[Black "Skaperdas,K"]
[Result "1-0"]
[WhiteElo "2444"]
[BlackElo "2235"]

1.Nf3 d5 2.g3 c6 3.Bg2 Nf6 4.O-O Bf5 5.d3 e6 6.Nbd2 h6 7.Qe1 Be7 8.e4 Bh7
9.Qe2 O-O 10.Re1 Re8 11.h3 Qb6 12.Ne5 Nbd7 13.Ndf3 Nc5 14.exd5 exd5 15.Ng4 Kf8
16.Nfe5 Nxg4 17.Qxg4 Bf6 18.d4 Bxe5 19.dxe5 Ne4 20.Be3 Qxb2 21.f3 f5 22.Qh4 Nc3
23.Qd4 Qxc2 24.Bf1 f4 25.Qxf4+ Qf5 26.Qb4+ Kg8 27.Qxc3 Qxf3 28.Bd4 Rf8 29.Bg2 Qxc3
30.Bxc3 Rae8 31.Bd4 b6 32.Rac1 Re6 33.Rxc6  1-0

[Event "VIII Open"]
[Site "Salou ESP"]
[Date "2006.06.13"]
[Round "7"]
[White "Reutter,F"]
[Black "Fenollar Jorda,M"]
[Result "0-1"]
[WhiteElo "1951"]
[BlackElo "2331"]

1.Nf3 d5 2.g3 c5 3.Bg2 Nc6 4.O-O e5 5.d3 f5 6.e4 fxe4 7.dxe4 d4 8.Bg5 Nf6
9.c3 h6 10.Bxf6 Qxf6 11.cxd4 cxd4 12.Ne1 Bd6 13.Nd2 O-O 14.Nc4 Bc7 15.a4 Be6
16.b3 Nb4 17.Nd3 Nxd3 18.Qxd3 Qg5 19.Rab1 Rf7 20.b4 Raf8 21.b5 Qh5 22.Ra1 Rf3
23.Bxf3 Rxf3 24.Qe2 Rxg3+  0-1

[Event "10th Heraclion Open"]
[Site "Athens GRE"]
[Date "2006.06.14"]
[Round "5"]
[White "Dounis,A"]
[Black "Dalakas,I"]
[Result "1-0"]
[WhiteElo "2051"]
[BlackElo "1760"]

1.Nf3 d5 2.g3 Nf6 3.Bg2 c5 4.O-O e6 5.d4 Nbd7 6.c4 Be7 7.cxd5 Nxd5 8.Nc3 Nxc3
9.bxc3 O-O 10.Rb1 Qa5 11.Qc2 cxd4 12.cxd4 Nf6 13.Ne5 Bd7 14.Bd2 Ba4 15.Bxa5 Bxc2
16.Rxb7 Bd8 17.Bb4 Re8 18.Rc1 Be4 19.Bxe4 Nxe4 20.Nxf7 Bb6 21.e3 Rac8 22.Rxc8 Rxc8
23.Nd6 Nxd6 24.Bxd6 Rc2 25.a3 Ba5 26.Rxa7 Be1 27.Ra8+ Kf7 28.Rf8+  1-0

[Event "Masters"]
[Site "Las Vegas USA"]
[Date "2006.06.14"]
[Round "9"]
[White "Antic,De"]
[Black "Fontaine,R"]
[Result "1/2-1/2"]
[WhiteElo "2491"]
[BlackElo "2521"]

1.Nf3 d5 2.g3 c6 3.Bg2 Bg4 4.O-O Nd7 5.d4 e6 6.b3 Ngf6 7.c4 Bd6 8.Bb2 Qb8
9.Nc3 O-O 10.Nd2 b5  1/2-1/2

[Event "10th Heraclion Open"]
[Site "Athens GRE"]
[Date "2006.06.15"]
[Round "6"]
[White "Soukos,K"]
[Black "Nikoleris,E"]
[Result "1-0"]
[WhiteElo "2144"]
[BlackElo "1865"]

1.Nf3 d5 2.g3 Nf6 3.Bg2 e6 4.O-O Be7 5.d3 O-O 6.Nbd2 Nbd7 7.e4 dxe4 8.dxe4 e5
9.Qe2 b6 10.Re1 Qe8 11.Qc4 Bd6 12.Nh4 g6 13.Nf1 Qe7 14.Bg5 Kg7 15.Ne3 h6
16.Nhf5+  1-0

[Event "Open A"]
[Site "Voronezh RUS"]
[Date "2006.06.19"]
[Round "7"]
[White "Kachko,A"]
[Black "Jakovenko,I"]
[Result "1/2-1/2"]
[WhiteElo "2291"]
[BlackElo "2234"]

1.Nf3 d5 2.g3 c6 3.Bg2 Bg4 4.d3 Bxf3 5.Bxf3 Nd7 6.Bg2 Ngf6 7.Nd2 e5 8.O-O Bd6
9.e4 Qc7 10.Qe2 O-O 11.Nf3 Rfe8 12.Nh4 Rad8 13.Nf5 Bf8 14.g4 g6 15.Nh6+ Bxh6
16.Bxh6 Re6 17.Bg5 Rde8 18.Bf3 Qd6 19.h4 Kg7 20.Rad1 h6 21.Bc1 Ng8 22.Kg2 Nf8
23.Rh1 R6e7 24.c3 Ne6 25.Rhe1 Nf4+ 26.Bxf4 exf4 27.Qd2 dxe4 28.Rxe4 Rxe4
29.Bxe4 Qf6 30.Bf3 Qxh4 31.Qxf4 Re6 32.d4 Ne7 33.Rh1 Qg5 34.Qxg5 hxg5 35.Rd1 f5
36.Kf1 Kf6 37.Re1 Rd6 38.Kg2 b6 39.Kg3 Kf7 40.Bd1 Rf6 41.Bb3+ Kf8 42.f3 Rd6
43.Re5 Rf6 44.Be6 Ke8 45.b4 Kf8 46.c4 fxg4 47.Bxg4 Rd6 48.Re4 Nf5+ 49.Kf2 Nxd4
50.Re5 Nc2 51.b5 cxb5 52.cxb5 Nb4 53.Rxg5 Nxa2 54.Bh3 Nc3 55.Bf1  1/2-1/2

[Event "IM"]
[Site "Balatonlelle HUN"]
[Date "2006.06.20"]
[Round "4"]
[White "Werner,Di"]
[Black "Lengyel,B"]
[Result "1/2-1/2"]
[WhiteElo "2333"]
[BlackElo "2313"]

1.Nf3 d5 2.g3 Nf6 3.Bg2 Bf5 4.O-O e6 5.d3 Bc5 6.Nbd2 Nbd7 7.Qe1 O-O 8.e4 Bg4
9.h3 Bxf3 10.Nxf3 dxe4 11.dxe4  1/2-1/2

[Event "Open A"]
[Site "Voronezh RUS"]
[Date "2006.06.20"]
[Round "8"]
[White "Bezgodova Filichkina,S"]
[Black "Yashtylov,A"]
[Result "0-1"]
[WhiteElo "2243"]
[BlackElo "2405"]

1.Nf3 d5 2.g3 c6 3.Bg2 Bg4 4.c4 e6 5.O-O Nd7 6.b3 Ngf6 7.Bb2 Bd6 8.d3 O-O
9.Nbd2 Re8 10.a3 a5 11.Qc2 Qe7 12.Rfe1 e5 13.h3 Be6 14.e4 d4 15.Nh4 g6 16.Nhf3 Nh5
17.Nf1 b5 18.Reb1 a4 19.b4 c5 20.cxb5 cxb4 21.axb4 Rec8 22.Qd1 Bb3 23.Qe2 Rc2
24.N1d2 Bxb4 25.Bxd4 exd4 26.Rxb3 axb3 27.Rxa8+ Kg7 28.Qd1 Bxd2 29.Nxd2 Qb4
30.Nb1 Qc5 31.Bf1 b2 32.Rd8 Nhf6 33.e5 Nxe5 34.b6 Rc1 35.Qe2 Qxb6 36.Qxe5 Qxd8  0-1

[Event "Open A"]
[Site "Balatonlelle HUN"]
[Date "2006.06.22"]
[Round "6"]
[White "Horvath,Ga1"]
[Black "Wegerer,J"]
[Result "1-0"]
[WhiteElo "2237"]
[BlackElo "2079"]

1.Nf3 d5 2.g3 Nf6 3.Bg2 c6 4.d3 Bg4 5.Nbd2 Nbd7 6.h3 Bxf3 7.Bxf3 e6 8.O-O Bd6
9.e4 O-O 10.Bg2 Qb6 11.Kh1 Rad8 12.Qe2 Rfe8 13.g4 Bf4 14.g5 Bxg5 15.f4 dxe4
16.fxg5 exd3 17.Qxd3 Nd5 18.Nc4 Qc7 19.Qf3 Rf8 20.b3 b5 21.Ne3 Qe5 22.Nxd5 Qxa1
23.Ne7+ Kh8 24.Nxc6 Rc8 25.Ba3 Qxa2 26.Bxf8 Rxf8 27.Qd3 Nb6 28.Qd6 Rg8 29.Ne5  1-0

[Event "Open A"]
[Site "Balatonlelle HUN"]
[Date "2006.06.23"]
[Round "7"]
[White "Forgacs,J"]
[Black "Vyskocil,N"]
[Result "0-1"]
[WhiteElo "2222"]
[BlackElo "2307"]

1.Nf3 d5 2.g3 c5 3.c4 d4 4.b4 f6 5.bxc5 e5 6.d3 Nc6 7.Nfd2 Bxc5 8.Ba3 Bxa3
9.Nxa3 Qe7 10.Nc2 f5 11.Bg2 Nf6 12.O-O O-O 13.Nb3 Be6 14.Qc1 Rad8 15.Qa3 Rfe8
16.Qxe7 Rxe7 17.Nc5 e4 18.Rab1 b6 19.Nxe6 Rxe6 20.Rfd1 g6 21.e3 Red6 22.dxe4 d3
23.Nb4 fxe4 24.Nd5 Re8 25.Rbc1 Nxd5 26.cxd5 Nb4 27.Rc4 Nxd5 28.Rxe4 Rxe4
29.Rxd3 Re5 30.f4 Nxf4 31.Rxd6 Nxg2 32.Kxg2 Rxe3 33.Rd8+ Kf7 34.Rd7+ Re7
35.Rd2 Ke6 36.Kf3 Rd7 37.Rc2 Kf5 38.Re2 Rd3+ 39.Kg2 Ra3 40.Rb2 Ke4 41.Kh3 Kd3
42.Kg4 Ra5 43.Rf2 b5 44.Kg5 b4+ 45.Kh6 Rh5+ 46.Kg7 a5 47.h4 a4 48.Rh2 g5
49.Kf6 g4  0-1

[Event "5th Masters"]
[Site "Grenoble FRA"]
[Date "2006.06.23"]
[Round "2"]
[White "Foisor,C"]
[Black "Vernay,C"]
[Result "1-0"]
[WhiteElo "2392"]
[BlackElo "2293"]

1.Nf3 d5 2.g3 c6 3.Bg2 Bg4 4.d3 Nd7 5.Nbd2 e5 6.e4 Ngf6 7.O-O dxe4 8.dxe4 Bb4
9.Qe2 Qc7 10.Nc4 h6 11.a3 Be7 12.b4 Nb6 13.h3 Bh5 14.Bb2 Nxc4 15.Qxc4 Nd7
16.Qc3 f6 17.Nh4 Nb6 18.Nf5 Bf8 19.a4 Bf7 20.Ne3 Nc8 21.Ba3 Nb6 22.Bc1 Qd6
23.a5 Nc8 24.a6 Rb8 25.axb7 Rxb7 26.Ba3 Qc7 27.Nc4 Nd6 28.Nxd6+ Bxd6 29.Rfd1 Be7
30.Bf1 O-O 31.Bc4 Rfb8 32.Bxf7+ Kxf7 33.Qc4+ Kf8 34.c3 Qc8 35.Kg2 Rc7 36.Ra2 Rd7
37.Rxd7 Qxd7 38.Bc1 c5 39.bxc5 Qc7 40.Be3 Rc8 41.Qe6 Qc6 42.Qxc6 Rxc6 43.Rxa7 Bxc5
44.Bxc5+ Rxc5 45.Ra3 Rc7 46.Kf3 Ke7 47.Ke3 Rb7 48.h4 h5 49.Ra2 Rc7 50.Kd3 Rd7+
51.Kc2 f5 52.Ra5 g6 53.exf5 gxf5 54.Rxe5+ Kf6 55.f4  1-0

[Event "20th Open"]
[Site "Pula CRO"]
[Date "2006.06.23"]
[Round "7"]
[White "Plenkovic,Z"]
[Black "Pavasovic,D"]
[Result "0-1"]
[WhiteElo "2278"]
[BlackElo "2534"]

1.Nf3 d5 2.g3 Bg4 3.Bg2 Nd7 4.d3 c6 5.O-O Ngf6 6.c4 e6 7.Nc3 Bxf3 8.Bxf3 d4
9.Ne4 Nxe4 10.Bxe4 Nc5 11.Bg2 a5 12.e3 dxe3 13.d4 exf2+ 14.Rxf2 Nd7 15.Qb3 Qb6
16.Qf3 Nf6 17.Be3 Be7 18.d5 Bc5 19.Bxc5 Qxc5 20.dxc6 b6 21.Rc1 Ke7 22.Qf4 Rac8
23.g4 h6 24.h4 Rhf8 25.Rd1 h5 26.gxh5 Rh8 27.Rd7+ Ke8 28.Rb7 Rxh5 29.Rb8 Kd8
30.Kh1 e5 31.Rd2+ Ke7 32.Rb7+ Kf8 33.Qg3 g5 34.Qf2 Rxh4+ 35.Kg1 Rxc6 36.Rb8+ Kg7
37.Bxc6 Qxc6 38.Rd5 Nxd5 39.cxd5 Qxd5  0-1

[Event "Open"]
[Site "Teplice CZE"]
[Date "2006.06.23"]
[Round "8"]
[White "Sleich,J"]
[Black "Vanek,T"]
[Result "0-1"]
[WhiteElo "2292"]
[BlackElo "2162"]

1.Nf3 d5 2.g3 g6 3.Bg2 Bg7 4.c4 dxc4 5.Qa4+ c6 6.Qxc4 e5 7.O-O Be6 8.Qc2 h6
9.Nc3 Na6 10.Rd1 Qa5 11.d4 Nb4 12.Qb1 e4 13.Qxe4 Ne7 14.Qb1 Qh5 15.Bf4 Rd8
16.a3 Nbd5 17.Bd2 Nb6 18.Ne4 O-O 19.Nc5 Bc8 20.Bc3 Nbd5 21.Bd2 b6 22.Nd3 g5
23.e4 Bg4 24.Nde1 Nc7 25.Bc3 Ne6 26.Qc2 Bh3 27.Ne5 Bxg2 28.Kxg2 Bxe5 29.dxe5 c5
30.Rd6 Nc8 31.Qd1 Qg6 32.Rxd8 Rxd8 33.Qg4 Ne7 34.Nc2 h5 35.Qe2 Nc6 36.Qf3 Ned4
37.Bxd4 cxd4 38.Rd1 Nxe5 39.Qf5 Qxf5 40.exf5 d3 41.Ne1 g4 42.f4 gxf3+ 43.Kf2 Nc4
44.Nxf3 Nxb2 45.Rd2 Nc4 46.Rd1 Kg7 47.h3 Kf6 48.g4 hxg4 49.hxg4 Nxa3 50.Nd2 Nc2
51.Rh1 Re8 52.Kf3 Ne1+ 53.Kf4 Re2 54.Ne4+ Rxe4+ 55.Kxe4 d2 56.Rh6+ Ke7 57.f6+ Ke6  0-1

[Event "5th Masters"]
[Site "Grenoble FRA"]
[Date "2006.06.26"]
[Round "5"]
[White "Rrhioua,T"]
[Black "Vernay,C"]
[Result "1/2-1/2"]
[WhiteElo "2330"]
[BlackElo "2293"]

1.Nf3 d5 2.g3 c6 3.Bg2 Bg4 4.O-O Nd7 5.d4 e6 6.Nbd2 Ngf6 7.b3 Qa5 8.a3 Ne4
9.Nxe4 dxe4 10.Ng5 Nf6 11.Nxe4 Nxe4 12.Bxe4 Rd8 13.Bb2 e5 14.c3 h5 15.Qd3 exd4
16.cxd4 h4 17.Bf3 Be6 18.e4 Qg5 19.Qe3 Qxe3 20.fxe3 hxg3 21.hxg3 Bxb3 22.Kg2 Rd6
23.e5 Rdh6 24.Rh1 Rxh1 25.Rxh1 Rxh1 26.Kxh1 Kd7 27.e4 f6 28.exf6 gxf6 29.Kg2 a5
30.Kh3 b5 31.Kg4 Be6+ 32.Kh5 Bf7+ 33.Kg4 Be6+ 34.Kh5 Bf7+ 35.Kg4 Be6+  1/2-1/2

[Event "II Open"]
[Site "Sort ESP"]
[Date "2006.06.26"]
[Round "1"]
[White "Suuronen,P"]
[Black "Baron Rodriguez,Je"]
[Result "0-1"]
[WhiteElo "1943"]
[BlackElo "2402"]

1.Nf3 d5 2.g3 Bg4 3.Bg2 Nd7 4.b3 e6 5.Bb2 Ngf6 6.O-O a5 7.a4 Be7 8.d3 O-O
9.Nbd2 c6 10.h3 Bh5 11.e4 b5 12.e5 Ne8 13.d4 Qb6 14.g4 Bg6 15.Ba3 Bxa3 16.Rxa3 b4
17.Ra2 c5 18.dxc5 Qxc5 19.Nc4 Nc7 20.Ne3 Be4 21.Qa1 Rac8 22.Ne1 Bxg2 23.Kxg2 d4
24.Nc4 Nxe5 25.Nxe5 Qxe5 26.Nf3 Qd5 27.Qxd4 Qb7 28.c4 bxc3 29.Qxc3 Nd5 30.Qb2 Rc3
31.Qd2 Rd3 32.Qc1 Nb4  0-1

[Event "White Nights Open"]
[Site "St Petersburg RUS"]
[Date "2006.06.26"]
[Round "4"]
[White "Mishuchkov,N"]
[Black "Shimanov,A"]
[Result "1/2-1/2"]
[WhiteElo "2371"]
[BlackElo "2300"]

1.Nf3 d5 2.g3 Nf6 3.Bg2 c5 4.O-O Nc6 5.d4 e6 6.c4 dxc4 7.Qa4 Bd7 8.Qxc4 cxd4
9.Nxd4 Rc8 10.Nc3 Nxd4 11.Qxd4 Bc5 12.Qf4 Bc6 13.Rd1 Qb6 14.Bxc6+ Qxc6 15.Be3 O-O
16.Bxc5 Qxc5 17.Rd2 Rfd8 18.Rad1 Rxd2 19.Rxd2 h6 20.e4 e5 21.Qf5 Re8 22.Kg2 Qc4
23.Qf3 Kf8 24.Qe3 b6 25.Qd3 Qxd3 26.Rxd3 g5 27.Kf3 Rc8 28.h4 gxh4 29.gxh4 h5
30.Nd5 Nxd5 31.Rxd5 Re8 32.Ke3 f6 33.f4 Kf7 34.fxe5 fxe5 35.Rd2 Ke6 36.Rg2 Rc8
37.Rg6+ Kf7 38.Rh6 Rc2 39.Rxh5 Rxb2 40.Rh7+ Kg6 41.Rxa7 Kh5 42.Re7 Rxa2 43.Rxe5+ Kxh4
44.Rb5 Kg4 45.Rxb6 Ra3+ 46.Kd4 Ra4+ 47.Ke5 Ra5+ 48.Kf6 Kf4 49.Re6 Rh5 50.e5 Rf5+  1/2-1/2

[Event "56th ch-RUS w Top League"]
[Site "Orel RUS"]
[Date "2006.06.29"]
[Round "1"]
[White "Fominykh,M"]
[Black "Lomako,A"]
[Result "1/2-1/2"]
[WhiteElo "2332"]
[BlackElo "2304"]

1.Nf3 d5 2.g3 Nf6 3.Bg2 c6 4.b3 Bf5 5.Bb2 e6 6.d3 h6 7.Nbd2 Be7 8.O-O O-O
9.Ne5 Nbd7 10.e4 Bh7 11.Qe2 Nxe5 12.Bxe5 Qa5 13.Bb2 Rfd8 14.e5 Nd7 15.a3 c5
16.Kh1 Rac8 17.f4 c4 18.bxc4 Qa4 19.Rac1 Nb6 20.c5 Rxc5 21.Nb3 Rc7 22.Rf2 Rdc8
23.Qd1 Qd7 24.Ra1 Na4 25.Bc1 Rc3 26.Be3 Nb2 27.Qb1 Nxd3 28.cxd3 Rxd3 29.Bxa7 Rdc3
30.Qb2  1/2-1/2

[Event "56th ch-RUS w Top League"]
[Site "Orel RUS"]
[Date "2006.06.29"]
[Round "1"]
[White "Bezgodova Filichkina,S"]
[Black "Gunina,V"]
[Result "0-1"]
[WhiteElo "2243"]
[BlackElo "2352"]

1.Nf3 d5 2.g3 Nf6 3.Bg2 c6 4.O-O Bg4 5.c4 e6 6.b3 a5 7.a3 Nbd7 8.d3 Bd6 9.Bb2 O-O
10.Nbd2 e5 11.h3 Bh5 12.e4 Nc5 13.Qc2 Bxf3 14.Nxf3 Nxd3 15.exd5 e4 16.Ng5 cxd5
17.cxd5 Rc8 18.Qd2 Nxb2 19.Qxb2 Re8 20.Rae1 Be5 21.Qb1 Bc3 22.Re2 e3 23.f4 h6
24.Ne4 Nxe4 25.Bxe4 Qe7 26.Bf5 Rcd8 27.Qd3 Bd2 28.a4 g6 29.Bg4 Qe4 30.Qxe4 Rxe4
31.f5 h5 32.Bf3 Rb4 33.Rb1 b5 34.axb5 a4 35.d6 Rxd6 36.fxg6 fxg6 37.Ra1 axb3
38.Bc6 b2 39.Rb1 Rd3 40.Be8 Kg7 41.g4 Rc3 42.gxh5 Rc1+  0-1

[Event "WGM"]
[Site "Marseille FRA"]
[Date "2006.06.30"]
[Round "1"]
[White "Foisor,C"]
[Black "Zatonskih,A"]
[Result "1/2-1/2"]
[WhiteElo "2392"]
[BlackElo "2433"]

1.Nf3 d5 2.g3 c6 3.Bg2 Bg4 4.d3 Nd7 5.Nbd2 e6 6.O-O Bd6 7.c4 Ngf6 8.b3 O-O
9.Bb2 e5 10.h3 Bh5 11.e4 Re8 12.Qc2 Rc8 13.Rac1 b5 14.Nh4 bxc4 15.bxc4 dxe4
16.Nxe4 Nxe4 17.Bxe4 Nf8 18.c5 Bb8 19.Qa4 Qd7 20.Rfe1 Ne6 21.Re3 Bg6  1/2-1/2